000 00761cam a2200277Ia 4500
999 _c4104
_d4104
001 5016107
003 Nust
005 20170620123814.0
008 920519s1977 pk 000 1 urd d
010 _a 78935158
035 _a(OCoLC)ocm25991793
035 _a(NNC)5016107
040 _aNYP
_cNYP
_dCGU
_dZCU
082 _a891.4391
_bMAN
090 _aPK2199.H338
_bD5 1977
099 _aP-U
_a78-935158
100 1 _aManṭo, Saʻādat Ḥasan,
_d1912-1955.
_91443
245 1 0 _aDhuvān /
_cSaʻādat Ḥasan Manṭo.
260 _aLāhore :
_bMaktabah-yi shiʻr va adab,
_c1977.
300 _a253 p. ;
_c18 cm.
500 _aImprint date in Ms. on verso of t.p.
500 _aShort stories.
546 _aIn Urdu.
880 _6100-01\(3\r
_aسعادت حسن منٹو
880 _6245-02\(3\r
_aدھواں
_cسعادت حسن منٹو
880 _6260-03\(3\r
_aلاہور:
_bالحمد پبلی کیشنز،
_c2009
942 _2ddc
_cBK